Jours de la semaine en Néerlandais - Statistiques

Statistiques générales
  • Ce quiz a été pris 118 fois
  • Le résultat moyen est 5 sur 7
Statistiques - réponses
Hint Réponse % Correct
Lundi Maandag
93%
Vendredi Vrijdag
83%
Mardi Dinsdag
80%
Diimanche Zondag
76%
Jeudi Donderdag
72%
Mercredi Woensdag
69%
Samedi Zaterdag
69%
Aucun quiz correspondant
Distribution des résultats
% des personnes avec chaque résultat
Percentile par nombre de réponses
Votre historique - résultats
Vous n’avez pas pris ce quiz